000 00884nam a2200193Ii 4500
003 JO-AjNU
008 230605s9999||||xx |||||||||||||| ||und||
040 _aJO-AjNU
_bara
_erda
_cJO-AjNU
041 _aara
050 1 4 _aBP166.14 2015
100 3 _aالمنتدى العالمي للوسطية، عمان,
_eauthor
_957783
245 0 0 _aدور الوسطية في مواجهة الإرهاب وتحقيق الإستقرار والسلم العالمي:أوراق العمل المقدمة للمؤتمر الدولي الذي عقده المنتدى العالمي للوسطية في عمان 14-2015/3/15
264 3 1 _aعمان: وزارة الثقافة، 2016
300 _a610ص
336 _atext
_btxt
_2rdacontent
337 _aunmediated
_bn
_2rdamedia
338 _avolume
_bnc
_2rdacarrier
650 4 _aالإرهاب - مكافحة الارهاب - العالم
_957784
999 _aA25914
_c29482
_d29482